000 00200 a2200097 4500
001 41982
100 _aHussain, S S
245 _aHistory of PAF
260 _a
_bPAF Masroor
_c
090 _c26040
_d26040
942 _aNUST-CAE
_cM
_c17826
999 _c277055
_d277055